মাইকেল মধুসূদন দত্তের জীবনচরিত / (Record no. 41071)
[ view plain ]
| 000 -LEADER | |
|---|---|
| fixed length control field | 01001naa a2200241 a 4500 |
| 001 - CONTROL NUMBER | |
| control field | 41071 |
| 003 - CONTROL NUMBER IDENTIFIER | |
| rucl marc code | BD-RjUL |
| 005 - DATE AND TIME OF LATEST TRANSACTION | |
| control field | 20211209053326.0 |
| 008 - FIXED-LENGTH DATA ELEMENTS--GENERAL INFORMATION | |
| fixed length control field | 160514s2004 ii ||||| |||| 00| 0 ben d |
| 020 ## - INTERNATIONAL STANDARD BOOK NUMBER | |
| International Standard Book Number | 8170793602 |
| Terms of availability | : IRs. 160 |
| 035 ## - SYSTEM CONTROL NUMBER | |
| System control number | (BD-RjUL) 41187 |
| 040 ## - CATALOGING SOURCE | |
| Original cataloging agency | BD-RjUL |
| Language of cataloging | ben |
| Transcribing agency | BD-RjUL |
| Modifying agency | BD-RjUL |
| 041 ## - LANGUAGE CODE | |
| Language code of text/sound track or separate title | ben |
| 082 ## - DEWEY DECIMAL CLASSIFICATION NUMBER | |
| Edition number | 23 |
| Classification number | 891.44092 |
| Author mark and year | BAM 2004 |
| 100 ## - MAIN ENTRY--PERSONAL NAME | |
| Personal name | বসু, যোগীন্দ্রনাথ |
| 9 (RLIN) | 126361 |
| 245 10 - TITLE STATEMENT | |
| Title | মাইকেল মধুসূদন দত্তের জীবনচরিত / |
| Statement of responsibility, etc. | যোগীন্দ্রনাথ বসু |
| 250 ## - EDITION STATEMENT | |
| Edition statement | ৩য় দে'জ সং. |
| 260 ## - PUBLICATION, DISTRIBUTION, ETC. (IMPRINT) | |
| Place of publication, distribution, etc. | কল্কাতা : |
| Name of publisher, distributor, etc. | দে'জ পাব্লিশিং, |
| Date of publication, distribution, etc. | ২০০৪ |
| 300 ## - PHYSICAL DESCRIPTION | |
| Pagination | ৪৯৬ পৃ. ; |
| Size | ২০ সেমি. |
| 600 ## - SUBJECT ADDED ENTRY--PERSONAL NAME | |
| Personal name | দত্ত, মাইকেল মধুসূদন |
| Dates associated with a name | ১৮২৪-১৮৭৩ |
| General subdivision | জীবনি |
| Personal name | Dutt, Micheal Madhusudan |
| Dates associated with a name | 1824-1873 |
| General subdivision | Biography |
| 942 ## - ADDED ENTRY ELEMENTS (KOHA) | |
| Source of classification or shelving scheme | Dewey Decimal Classification |
| Koha item type | Books |
| Lost status | Source of classification or shelving scheme | Damaged status | Not for loan | Collection code | Permanent Location | Current Location | Shelving location | Date acquired | Source of acquisition | Cost, normal purchase price | Total Checkouts | Full call number | Date last seen | Date checked out | Copy number | Koha item type |
|---|---|---|---|---|---|---|---|---|---|---|---|---|---|---|---|---|
| Dewey Decimal Classification | Non-fiction | Central Library, University of Rajshahi | Central Library, University of Rajshahi | 21/03/2006 | Dhaka, Paragon | 160.00 | 8 | B 891.44092 BAM 2004 | 05/10/2025 | 11/09/2025 | C-2 | Books | ||||
| Dewey Decimal Classification | Not For Loan | Non-fiction | Central Library, University of Rajshahi | Central Library, University of Rajshahi | Reading Room | 21/03/2006 | Paragon Enterprizes, Dhaka | 160.00 | B 891.44092 BAM 2004 | 23/02/2017 | C-1 | Books |